000 00724cam a22002531 4500
001 27115
003 BD-RjUL
005 20211209051120.0
008 140324t 1965nyub b 001 0 eng d
035 _a(BD-RjUL)27186
040 _aDLC
_cDLC
_dDLC
_dBD-RjUL
_beng
041 _aeng
082 0 0 _a309.1624
_bHES 1965
100 1 _aHenderson, K. D. D.
_q(Kenneth David Druitt),
_d1903-
_983262
245 1 0 _aSudan Republic /
_cby K. D. D. Henderson.
260 _aLondon :
_bErnest Benn,
_c1965.
300 _a233 p. ;
_c23 cm.
504 _aincludes index.
651 0 _aSudan
_xHistory
_y1821-
_983264
942 _2ddc
_cBK
999 _c27115
_d27115